00504nam a2200157 i 4500001000300000100001700003245006500020260002100085040000800106041000800114942000700122008004100129999001700170856009800187952006100285bg1 aSZUCS, Ervin 0aModelowanie matematyczne w fizyce i technice /cErvin Szucs. aWarszawa,c1977. cBPK apol cKS s pl f |000 0 pol  c17596d17596 uhttp://koha.tu.koszalin.pl/cgi-bin/koha/opac-detail.pl?biblionumber=17596yKatalog online BPK 00104070aBPKbBPKcwo22703p01237559s2019-10-04yKS